[Event "Potiguar-ch (Women)"]
[Site "Natal"]
[Date "2017.01.15"]
[Round "5"]
[White "Costa, Maria Gabriela Alve"]
[Black "Arboes, Ana Gertrudes Danta"]
[Result "1-0"]
[WhiteElo "1800"]
[BlackElo "1374"]
[PlyCount "68"]
[EventDate "2017.01.13"]
[EventType "tourn"]
[EventRounds "9"]
[EventCountry "BRA"]
[SourceTitle "CBM 176 Extra"]
[Source "ChessBase"]
[SourceDate "2017.03.02"]
[SourceVersion "1"]
[SourceVersionDate "2017.03.02"]
[SourceQuality "1"]

1. d4 e6 2. e3 d5 3. Nf3 Nf6 4. g3 Bd6 5. Bg2 Nbd7 6. Nc3 c6 7. a3 0-0 8. Nh4 b5 9. e4 Bc7 10. e5 Ne8 11. Qg4 Bxe5 12. dxe5 Nxe5 13. Qf4 Qf6 14. Qxf6 Nxf6 15. Bf4 Ng6 16. Nxg6 fxg6 17. 0-0-0 Bb7 18. Bh3 Rae8 19. Be3 a5 20. Bc5 Rf7 21. Rhe1 Bc8 22. Bd4 Rfe7 23. Bxf6 gxf6 24. f4 f5 25. g4 h6 26. gxf5 exf5 27. Rxe7 Rxe7 28. b3 Kg7 29. Rg1 Kf6 30. a4 b4 31. Nd1 Re2 32. Rh1 c5 33. Bf1 Re7 34. Nf2 Re4 1-0